Statistiques concernant Volley: Pays Champions d'Amérique du Nord, Centrale et Caraïbes

Cliquez ici pour prendre le quiz!

Statistiques générales

  • Ce quiz a été pris 30 fois
  • Le résultat moyen est 4 sur 5

Statistiques - réponses

Réponse% Correct
Canada
100%
Etats-Unis
100%
Cuba
96%
Mexique
89%
République Dominicaine
44%

Distribution des résultats

Percentile par nombre de réponses

% des personnes avec chaque résultat

Votre développement - résultats

Vous n’avez pas pris ce quiz